Datum a čas kvízu

17.5 Celkem bodů Celkový počet nahraných bodů na tomto kvízu bez doplňovacích otázek.
4. Pořadí na kvízu Konečné umístění týmu na tomto kvízu.

Zaznamenané odpovědi

# Otázka Odpověď Body Výsledky
1. V knize Tajemství všech tajems... Langdon; noetiky 0
2. Přiřaďte následující autorky a... 1A 2D 3B 4C 0
3. Za půl bodu napište, pod který... Elena Ferrante; Geniální přítelkyně 0
4. V posledních letech rostou na... romantasy 1
5. Za první půlbod napište, jak z... Alois Nebel; Bílý Potok 0.5
6. Jistý spisovatel narozený roku... Edgar Allan Poe; dedukce 0.5
7. Jistě znáte Agathu Christie a... C 1
8. Postava detektiva Harryho Hole... Thajsko; Hong Kong 0
9. Dokážete podle následujících t... Stephen King 1
10. Cormoran Strike je hlavní post... Robin; přišel o nohu 0